Thói quen thành công Success Habits : Bí mật để luyện nghĩ giàu, thực hành làm giàu
Gồm các nội dung: Xác định mục đích; Làm chủ mục đích xác định; Tư duy chính xác; Cách để có tư duy chính xác; Vận dụng niềm tin; Những câu chuyện thành công nhờ áp dụng nguyên tắc vận dụng niềm tin; Mười lăm nguyên nhân chính gây ra thất ba...
Kaydedildi:
| Yazar: | |
|---|---|
| Diğer Yazarlar: | |
| Materyal Türü: | Kitap |
| Dil: | Undetermined |
| Baskı/Yayın Bilgisi: |
H.
Hồng Đức
2019
|
| Konular: | |
| Online Erişim: | http://lrc.tdmu.edu.vn/opac/search/detail.asp?aID=2&ID=40192 |
| Etiketler: |
Etiketle
Etiket eklenmemiş, İlk siz ekleyin!
|
| Thư viện lưu trữ: | Trung tâm Học liệu Trường Đại học Thủ Dầu Một |
|---|
| LEADER | 01441nam a2200229Ia 4500 | ||
|---|---|---|---|
| 001 | TDMU_40192 | ||
| 008 | 210410s9999 xx 000 0 und d | ||
| 082 | |a 658.85 | ||
| 090 | |b H309 | ||
| 100 | |a Hill, Napoleon | ||
| 245 | 0 | |a Thói quen thành công | |
| 245 | 0 | |b Success Habits : Bí mật để luyện nghĩ giàu, thực hành làm giàu | |
| 245 | 0 | |c Napoleon Hill; Phúc Lâm (dịch) | |
| 260 | |a H. | ||
| 260 | |b Hồng Đức | ||
| 260 | |c 2019 | ||
| 300 | |a 322tr. | ||
| 520 | |a Gồm các nội dung: Xác định mục đích; Làm chủ mục đích xác định; Tư duy chính xác; Cách để có tư duy chính xác; Vận dụng niềm tin; Những câu chuyện thành công nhờ áp dụng nguyên tắc vận dụng niềm tin; Mười lăm nguyên nhân chính gây ra thất bại; Bền bỉ và quyết đoán; Kỷ luật tự giác; Tính cách hòa nhã; Phân tích sâu hơn về tính cách hòa nhã; Sức mạnh thói quen vũ trụ; Thêm ứng dụng về quy luật sức mạnh thói quen vũ trụ | ||
| 650 | |a Bí quyết thành công |x Thành công tài chính; Nguyên tắc thành công | ||
| 700 | |a Phúc Lâm | ||
| 856 | |u http://lrc.tdmu.edu.vn/opac/search/detail.asp?aID=2&ID=40192 | ||
| 980 | |a Trung tâm Học liệu Trường Đại học Thủ Dầu Một | ||